| 000 | 00571nam a22002057a 4500 | ||
|---|---|---|---|
| 999 |
_c3983 _d3983 |
||
| 001 | 19252 | ||
| 003 | BD-DhUAP | ||
| 005 | 20200316105647.0 | ||
| 008 | 200316s2006 bg ||||| |||| 00| 0 eng d | ||
| 020 | _a9846431341 | ||
| 040 |
_aBD-DhUAP _bEng _cBD-DhUAP _dBD-DhUAP |
||
| 082 |
_223 _a825.954 BUR |
||
| 100 | _aBurkey, Edmund. | ||
| 245 |
_aSpeech on the East India bill / _cEdmund Burkey. |
||
| 250 | _a1st ed. | ||
| 260 |
_aDhaka : _bFriends' book corner, _cc2006. |
||
| 300 |
_a146 pages ; _c15 cm. |
||
| 650 |
_aEnglish speech _zEast India Company. |
||
| 942 |
_2ddc _cBK |
||